| 000 | 00402nam a2200169Ia 4500 | ||
|---|---|---|---|
| 008 | 230524s9999 xx 000 0 und d | ||
| 020 | _a9788120332454 | ||
| 082 |
_a658.45 _bTRI |
||
| 100 | _aNalini Prava Tripathy | ||
| 245 | 0 | _aFinancial Services | |
| 250 | _aIST | ||
| 260 |
_aNEW DELHI _bPHI _c2008 |
||
| 300 | _aXII;331 | ||
| 500 | _aQuantity Number: 4 | ||
| 650 | _aManagement | ||
| 942 | _cBK | ||
| 999 |
_c43327 _d43327 |
||